| 000 | 01185nam a2200337 i 4500 | ||
|---|---|---|---|
| 001 | 000021882 | ||
| 003 | DO-SdBNP | ||
| 005 | 20250204083504.0 | ||
| 007 | ta | ||
| 008 | 100914s2004 dr bc 000 0 spa d | ||
| 020 | _z9993432035 | ||
| 040 |
_aDO-SdBNP _bspa _cBNPHU _erda |
||
| 041 | _aspa | ||
| 082 |
_a972.93053 _bC957h 2004 _222 |
||
| 100 | 1 |
_aCruz González, Alcibíades, _d1954- _eautor _4aut. _945418 |
|
| 245 | 1 | 4 |
_aLas heroínas de Salcedo en un ojo de agua / _cAlcibíades Cruz González. |
| 250 | _aSegunda edición | ||
| 264 | 4 |
_aSanto Domingo : _bEditorial Argos, _c©2004. |
|
| 300 |
_a191 páginas : _bilustraciones, mapas, retratos. _c22 cm. |
||
| 336 |
_atexto _btxt _2rdacontent |
||
| 337 |
_asin mediación _bn _2rdamedia |
||
| 338 |
_avolumen _bnc _2rdacarrier |
||
| 590 | _aInventariado, 2020/BT | ||
| 600 | 1 | 4 |
_aMirabal Reyes, Minerva, _d1926-1960 _945419 |
| 600 | 1 | 0 |
_aMirabal, Patria, _d1924-1960 _945420 |
| 600 | 1 | 0 |
_aMirabal, Maria Teresa, _d1935-1960 _945421 |
| 600 | 1 | 4 |
_aCruz, Rufino de la, _d1923-1960 _945422 |
| 651 | 4 |
_aSalcedo (República Dominicana) _xHistoria Local _945423 |
|
| 910 | _aValidado. Control de calidad MMOLINA | ||
| 942 |
_2ddc _cLBS1 |
||
| 999 |
_c21380 _d21380 |
||